Development economics : (Record no. 3847)
[ view plain ]
| 000 -LEADER | |
|---|---|
| fixed length control field | 01150cam a2200325 a 4500 |
| 001 - CONTROL NUMBER | |
| control field | 3847 |
| 003 - CONTROL NUMBER IDENTIFIER | |
| rucl marc code | BD-RjUL |
| 005 - DATE AND TIME OF LATEST TRANSACTION | |
| control field | 20211208233806.0 |
| 008 - FIXED-LENGTH DATA ELEMENTS--GENERAL INFORMATION | |
| fixed length control field | 131221s1993 ii b 001 0 eng |
| 020 ## - INTERNATIONAL STANDARD BOOK NUMBER | |
| International Standard Book Number | 0803994699 (U.S.hbk) |
| International Standard Book Number | 0803994702 (U.S.pbk) |
| International Standard Book Number | 8170363284 (Indiahbk) |
| International Standard Book Number | 8170363292 (Indiapbk) |
| 035 ## - SYSTEM CONTROL NUMBER | |
| System control number | (BD-RjUL)3881 |
| 040 ## - CATALOGING SOURCE | |
| Original cataloging agency | DLC |
| Transcribing agency | DLC |
| Modifying agency | DLC |
| -- | BD-RjUL |
| Language of cataloging | eng |
| 041 ## - LANGUAGE CODE | |
| Language code of text/sound track or separate title | eng |
| 082 00 - DEWEY DECIMAL CLASSIFICATION NUMBER | |
| Classification number | 338.9 |
| Edition number | 20 |
| Author mark and year | NAD 1993 |
| 100 1# - MAIN ENTRY--PERSONAL NAME | |
| Personal name | Naqvi, Syed Nawab Haider. |
| 9 (RLIN) | 12262 |
| 245 10 - TITLE STATEMENT | |
| Title | Development economics : |
| Remainder of title | a new paradigm / |
| Statement of responsibility, etc. | Syed Nawab Haider Naqvi. |
| 260 ## - PUBLICATION, DISTRIBUTION, ETC. (IMPRINT) | |
| Place of publication, distribution, etc. | New Delhi ; |
| -- | Newbury Park, Calif. : |
| Name of publisher, distributor, etc. | Sage Publications, |
| Date of publication, distribution, etc. | 1993. |
| 300 ## - PHYSICAL DESCRIPTION | |
| Pagination | 208 p. ; |
| Size | 23 cm. |
| 504 ## - BIBLIOGRAPHY, ETC. NOTE | |
| Bibliography, etc | Includes bibliographical references (p. 181-198) and index. |
| 650 #0 - SUBJECT ADDED ENTRY--TOPICAL TERM | |
| Topical term or geographic name as entry element | Economic development. |
| 9 (RLIN) | 12263 |
| Topical term or geographic name as entry element | Development economics. |
| 9 (RLIN) | 12264 |
| 856 42 - ELECTRONIC LOCATION AND ACCESS | |
| Materials specified | Publisher description |
| Uniform Resource Identifier | <a href="http://www.loc.gov/catdir/enhancements/fy0657/92040700-d.html">http://www.loc.gov/catdir/enhancements/fy0657/92040700-d.html</a> |
| Materials specified | Table of contents only |
| Uniform Resource Identifier | <a href="http://www.loc.gov/catdir/enhancements/fy0657/92040700-t.html">http://www.loc.gov/catdir/enhancements/fy0657/92040700-t.html</a> |
| 942 ## - ADDED ENTRY ELEMENTS (KOHA) | |
| Source of classification or shelving scheme | Dewey Decimal Classification |
| Koha item type | Books |
| Lost status | Source of classification or shelving scheme | Damaged status | Not for loan | Collection code | Permanent Location | Current Location | Shelving location | Date acquired | Source of acquisition | Cost, normal purchase price | Total Checkouts | Full call number | Date last seen | Copy number | Koha item type |
|---|---|---|---|---|---|---|---|---|---|---|---|---|---|---|---|
| Dewey Decimal Classification | Not For Loan | Non-fiction | Central Library, University of Rajshahi | Central Library, University of Rajshahi | Reading Room | 03/04/2000 | Dhaka, Lucky syndicate | 150.00 | 338.9 NAD 1993 | 21/12/2013 | C-1 | Books | |||
| Dewey Decimal Classification | Non-fiction | Central Library, University of Rajshahi | Central Library, University of Rajshahi | 03/04/2000 | Lucy syhicate | 150.00 | 338.9 NAD 1993 | 26/07/2016 | C-2 | Books |